000 00921nam a2200265 a 4500
005 20200104041511.0
008 140220s1997 ec fr|||| 00| 0 spa d
020 _a997895127X
040 _aCO-BoIAVH
_cCO-BoIAVH
041 0 _aspa
044 _aec
082 0 4 _a551.0218
_bS68l
245 0 0 _aLegislación ambiental suramericana aplicable a los humedales :
_banálisis comparativo e inventario normativo /
_cSociedad Peruana de Derecho Ambiental, Unión Mundial para la naturaleza
260 _aQuito :
_bUnión Mundial para la naturaleza ;
_c1997.
300 _a204 paginas :
_c24 x 17 cm
650 1 4 _aAgua
650 2 4 _aPolítica ambiental
650 2 4 _aLegislación ambiental
650 2 4 _aHumedales
650 2 4 _aRecursos naturales renovables
650 2 4 _aSuelos
662 _cAmérica del Sur
700 1 _aSolano, Pedro
_eCompilador
942 _cLIBRO
_2ddc
_02
999 _c452
_d452